Visualizzazione normale
Vista MARC
- Zembaty M.
di Personal Name
Records bibliografici associati: 1
001 - CONTROL NUMBER
- control field: 24877
003 - CONTROL NUMBER IDENTIFIER
- control field: IT-RoPau
005 - DATE AND TIME OF LATEST TRANSACTION
- control field: 20140514105737.0
008 - FIXED-LENGTH DATA ELEMENTS
- fixed length control field: 140514|| aca||aabn | a|a d
040 ## - CATALOGING SOURCE
- Original cataloging agency: IT-RoPau
- Transcribing agency: IT-RoPau
100 ## - HEADING--PERSONAL NAME
- Personal name: Zembaty M.
- Miscellaneous information: Codice interprete SPICS: 25187
- Relator term: Interprete
670 ## - SOURCE DATA FOUND
- Source citation: Work cat.: (IT-RoPau)101384: Porter John 24872, Ballady Leonarda Cohena Spiewa Maciej-Zembaty-Lp Kpsj 001/2